Normal view
MARC view
- Energy policy
Entry Topical Term
001 - CONTROL NUMBER
- control field: 105105
003 - CONTROL NUMBER IDENTIFIER
- control field: NUST
005 - DATE AND TIME OF LATEST TRANSACTION
- control field: 20221216153422.0
008 - FIXED-LENGTH DATA ELEMENTS
- fixed length control field: 221216|| aca||aabn | a|a d
040 ## - CATALOGING SOURCE
- Original cataloging agency: NUST
- Transcribing agency: NUST
150 ## - HEADING--TOPICAL TERM
- Topical term or geographic name entry element: Energy policy
- Geographic subdivision: Arizona
670 ## - SOURCE DATA FOUND
- Source citation: Work cat.: (NUST)184326: Arizona energy :, 1976.
